The kind of love we make lyrics - Statistics

General Stats
  • This quiz has been taken 5 times
  • The average score is 262 of 278
Answer Stats
Answer % Correct
a
100%
about
100%
all
100%
and
100%
be
100%
body's
100%
burnin'
100%
candles
100%
doin'
100%
doing
100%
door
100%
down
100%
even
100%
fall
100%
floor
100%
get
100%
girl
100%
gotta
100%
higher
100%
i
100%
it
100%
keep
100%
kind
100%
let
100%
let's
100%
lets
100%
lights
100%
locking
100%
long
100%
love
100%
low
100%
make
100%
makin'
100%
me
100%
movin'
100%
movin
100%
nice
100%
night
100%
of
100%
on
100%
only
100%
our
100%
out
100%
passion
100%
place
100%
records
100%
round
100%
say
100%
slow
100%
so
100%
some
100%
song
100%
take
100%
the
100%
think
100%
to
100%
turnin'
100%
us
100%
way
100%
we
100%
what
100%
writin'
100%
you
100%
your
100%
you're
100%
baby
80%
been
80%
besides
80%
could
80%
dress
80%
gonna
80%
good
80%
house
80%
i'm
80%
im
80%
i've
80%
keeping
80%
look
80%
man
80%
no
80%
oh
80%
red
80%
this
80%
tonight
80%
want
80%
watching
80%
We've
80%
when
80%
alone
60%
both
60%
cancel
60%
have
60%
little
60%
moving
60%
need
60%
plans
60%
there
60%
thinkin'
60%
time
60%
ends
40%
watcha
20%
well
20%
makin'the
0%
No matching quizzes found
Score Distribution
Percent of People with Each Score
Percentile by Number Answered
Your Score History
You have not taken this quiz